000 01142nam a2200301 a 4500
001 vtls001258046
003 NLI
005 20210627040821.0
008 120404s1928 ii 000 1 mar
020 _cRs. 1.80
039 9 _y201204041846
_zVLOAD
040 _aNLI
_bmareng
_cDatasoft_Marathi_S
_eAACR2
041 0 _amar
044 _a ii
082 0 4 _a 891.463
245 0 0 _6880-02
_aपालखीचा गोंडा /
_cसम्पादक कोशोवाई गोविंदा कानिटकर
260 _aपुणे :
_bगणेश महादेव आणि कंपनी,
_c1928
300 _a229 p. ;
_c18 cm.
650 0 _aMarathi Fiction
700 1 _6880-03
_aकानिटकर, कोशोवाई गोविंदा,
_4edt
_9678675
880 0 0 _6245-02 (B
_aPālakhīcā gauṁḍā /
_cedited by Kasibai Govimda Kanitakara
880 _6700-03 (B
_aKanitakara, Kasibai Govimda
_4edt
887 _a [Humera Rashid 29.12.2011]Rahul
901 _a430
_b20.06.1956
902 _aMar 891.463 K 4564 p
904 _c[Humera Rashid 29.12.2011]Rahul
_l5810.
999 _aVIRTUA40
_c557139
_d557139
942 _2ddc
_cBKS